Elsa Schneider / Sergi Belbel ; pròleg de Jordi Castellanos
Descripción Física:
89 p. ; 18 cm
Colección:
Biblioteca teatral ; 62
Otros Autores:
Castellanos, Jordi, pr
MARC
| LEADER | 00000nam a2200000Ia 4500 | ||
|---|---|---|---|
| 001 | 11610 | ||
| 008 | 160829s1997 xx 000 0 cat d | ||
| 080 | |a L-1-283 | ||
| 100 | |a Belbel, Sergi, |d 1963- |9 35428 | ||
| 245 | |a Elsa Schneider / Sergi Belbel ; pròleg de Jordi Castellanos | ||
| 250 | |a 2a ed. | ||
| 260 | |a Barcelona : |b Institut del Teatre. Diputació de Barcelona, |c 1997 | ||
| 300 | |a 89 p. ; |c 18 cm | ||
| 490 | |a Biblioteca teatral ; 62 | ||
| 590 | |a Premi Ignasi Iglésias 1987 | ||
| 700 | |a Castellanos, Jordi, pr. |9 35429 | ||
| 710 | 1 | |a Institut del Teatre (Barcelona, Catalunya) |9 52662 | |
| 901 | |a Arxiu | ||
| 942 | |n 1 | ||
| 952 | |0 0 |1 0 |4 0 |6 L1283 |7 1 |9 46899 |a Arxiu |b Arxiu |d 2016-12-01 |l 0 |o L-1-283 |p 11610 |r 2016-12-01 00:00:00 |w 2016-12-01 |y ARXIU | ||
| 999 | |c 50692 |d 50692 | ||